Nomi, cose e città: nomi italiani - Statistics

Statistiche generali
  • Questo quiz è stato fatto 501 volte
  • Il punteggio medio è 18 su 26
Statistiche sulle risposte
Hint Risposta % Corretto
A Aba|Abaco|Abbondanza|Abbondanzia|Abbondanzio|Abbondia|Abbondio|Abbone|Abdenago|Abdia|Abdiele|Abdieso|Abdo|Abdon|Abdone|Abela|Abelarda|Abelardo|Abele|Abelina|Abelino|Abenzio|Abercio|Abia|Abibo|Abibone|Abigaille|Abilio|Abimelècco|Abrama|Abramo|Abudemio|Acacio|Acario|Acazio|Accardo|Accorso|Accursa|Accursia|Accursio|Accurso|Accurzio|Acepsima|Aceste|Acheropita|Achilla|Achille|Achillea|Achilleo|Achillina|Achiropita|Acilia|Acilio|Acillino|Acindino|Aciscolo|Acquisto|Acrisio|Acuzio|Ada|Adalaisa|Adalardo|Adalbero|Adalberone|Adalberta|Adalberto|Adalfredo|Adalgisa|Adalgiso|Adalia|Adalinda|Adalindo|Adalpero|Adama|Adamante|Adamina|Adamino|Adamo|Adastro|Adaulfo|Addamiano|Addario|Addiego|Addis|Addo|Addolorata|Addolorato|Ade|Adela|Adelaida|Adelaide|Adelaido|Adelardo|Adelasia|Adelasio|Adelca|Adelchi|Adelcisa|Adelco|Adele|Adelelma|Adelelmo|Adelfa|Adelfio|Adelfo|Adelgonda|Adelgondo|Adelia|Adelina|Adelinda|Adelindo|Adelino|Adelio|Adelisa|Adeliso|Adelma|Adelmira|Adelmiro|Adelmo|Adelo|Adema|Ademara|Ademaro|Ademio|Ademo|Aden|Adenesia|Adenesio|Adeodata|Adeodato|Aderita|Aderito|Adia|Adige|Adigrat|Adina|Adino|Adinolfa|Adinolfo|Adio|Adiodato|Adis|Adiuto|Adiutore|Admeto|Ado|Adolfa|Adolfina|Adolfino|Adolfo|Adon|Adona|Adone|Adonella|Adoranda|Adorando|Adorata|Adorato|Adorna|Adorno|Adrasta|Adrastea|Adrasto|Adria|Adriana|Adriano|Adriele|Adua|Aduana|Aduino|Aduo|Aelredo|Affortunata|Affortunato|Afra|Africa|Africana|Africano|Africo|Afrina|Afro|Afrodisia|Afrodisio|Afrodite|Afroditi|Agabio|Agabito|Agamennone|Agape|Agapio|Agapito|Agar|Agarita|Agata|Agatangelo|Agatina|Agatino|Agato|Agatocle|Agatoclia|Agatone|Agave|Agazia|Agazio|Agea|Agenore|Ageo|Agesilao|Aggea|Aggeo|Agide|Agilulfo|Aglae|Aglaia|Agnella|Agnello|Agnese|Agnesina|Agnesio|Agnola|Agnolo|Agostina|Agostino|Agricola|Agricolo|Agrippa|Agrippina|Agrippino|Agrisio|Aguinaldo|Aiace|Aicardo|Aida|Aidano|Aide|Aido|Aiello|Aimo|Aimone|Ain Zara|Ainzara|Airaldo|Airoldo|Aiuto|Ala|Aladina|Aladino|Alaide|Alaimo|Alamanna|Alamanno|Alamiro|Alan|Alano|Alarica|Alarico|Alastore|Alba|Albana|Albanese|Albania|Albanina|Albano|Alberica|Alberice|Alberico|Alberiga|Alberige|Alberigo|Alberone|Alberta|Albertano|Albertina|Alberto|Albina|Albino|Albio|Albizo|Albizzo|Albo|Alboino|Alcea|Alceo|Alcesta|Alceste|Alcesti|Alcestina|Alcesto|Alcibiade|Alcida|Alcide|Alcido|Alcina|Alcino|Alcinoe|Alcinoo|Alcione|Alcioneo|Alcmena|Alda|Aldebrando|Aldegarda|Aldegardo|Aldegonda|Aldegondo|Aldemara|Aldemaro|Aldemira|Aldemiro|Alderica|Alderice|Alderico|Alderigi|Alderigo|Alderina|Alderino|Aldesina|Aldighiero|Aldina|Aldino|Aldo|Aldobranda|Aldobrando|Aldoina|Aldoino|Aldovico|Aldovina|Aldovino|Aldrovanda|Alduina|Alduino|Aleandra|Aleandro|Alearco|Alearda|Aleardo|Alemanna|Alemanno|Alemaro|Aleramo|Alerano|Alesia|Alesio|Alessa|Alessandra|Alessandro|Alessi|Alessia|Alessina|Alessio|Alete|Alex|Alfa|Alfano|Alfea|Alfeo|Alferia|Alferio|Alfia|Alfide|Alfidia|Alfiera|Alfiere|Alfieri|Alfiero|Alfina|Alfino|Alfio|Alfo|Alfonsa|Alfonsina|Alfonso|Alfreda|Alfredina|Alfredo|Alfrida|Alfride|Algeo|Algeri|Algeria|Algerino|Algero|Algia|Algimiro|Algisa|Alì|Aliberto|Alibrando|Alice|Alicia|Alicio|Alida|Alide|Alidea|Alideo|Alido|Alighiera|Alighieri|Alighiero|Aligi|Aligio|Alina|Alinda|Alindo|Alino|Aliodoro|Alipia|Alipio|Aliprando|Allegra|Allegrina|Allegrino|Allegro|Alma|Almerica|Almerico|Almerigo|Almerina|Almerinda|Almerino|Almeris|Almina|Almino|Almira|Almirante|Almo|Aloisa|Aloisia|Aloisio|Alonzo|Alpidio|Alpina|Alpino|Alpinolo|Alpo|Altabella|Altavilla|Altavillo|Altea|Altemio|Alteo|Altera|Alteria|Altero|Altiero|Altobello|Altomare|Alvara|Alvario|Alvaro|Alvesio|Alvisa|Alvise|Alvisio|Alzira|Amabile|Amabilia|Amabilio|Amaddio|Amadeo|Amadia|Amadigi|Amadio|Amalarico|Amalasunta|Amalfi|Amalfia|Amalfio|Amalfo|Amalia|Amalio|Amalrico|Amaltea|Amanda|Amandina|Amandino|Amando|Amante|Amantina|Amantino|Amanto|Amanzia|Amanzio|Amarando|Amaranta|Amaranto|Amaretto|Amarilli|Amarillide|Amata|Amatino|Amato|Amatore|Amatrice|Amauri|Ambalagi|Amberto|Ambra|Ambretta|Ambro|Ambrogia|Ambrogina|Ambrogino|Ambrogio|Ambrogiotto|Ambrosina|Ambrosio|Amedea|Amedeo|Ameglia|Ameglio|Amelia|Amelina|Amelino|Amelio|Amelita|America|Americo|Ameriga|Amerigo|Amerina|Amerindo|Amerio|Ameris|Amero|Amica|Amico|Amilcara|Amilcare|Amina|Aminda|Amino|Aminta|Aminto|Amintore|Amleta|Amleto|Ammiano|Amneris|Amodia|Amodio|Amonasro|Amonastro|Amone|Amore|Amorina|Amorino|Amorosa|Amoroso|Amos|Ampelia|Ampelio|Ampellio|Amperio|Ampilio|Amsicora|Amulia|Amulio|Anacario|Anacleta|Anacleto|Anacreonte|Anaide|Anania|Ananio|Anassagora|Anassimene|Anastasia|Anastasio|Anatolia|Anatolio|Anca|Ancella|Anchise|Ancilla|Anco|Anda|Andalusa|Andaluso|Andina|Andino|Ando|Andrea|Andreana|Andreano|Andreatta|Andreina|Andreino|Andretta|Andreuccia|Andromaca|Andromaco|Andromeda|Andronico|Anella|Anelusco|Aneris|Anfitrite|Angela|Angelica|Angelico|Angelina|Angelino|Angelita|Angelo|Angilberto|Angiola|Angioletta|Angioletto|Angiolina|Angiolino|Angiolo|Angiolotto|Aniceta|Aniceto|Anicetta|Aniello|Anisia|Anisio|Anita|Anna|Annabella|Annalena|Annalisa|Annaluisa|Annamaria|Annapia|Annarella|Annarita|Annarosa|Annella|Anneris|Annetta|Annetto|Annibala|Annibale|Annibalina|Annina|Annino|Annita|Annito|Anno|Annuccia|Annunciata|Annunciato|Annunziata|Annunziatina|Annunziato|Annunzio|Ansalda|Ansaldo|Ansano|Ansberto|Anselma|Anselmina|Anselmino|Anselmo|Ansovino|Anspertina|Ansperto|Ansprando|Ansuina|Ansuino|Anta|Antea|Antelmo|Antenora|Antenore|Anteo|Antera|Anterio|Antero|Antigone|Antigono|Antima|Antimina|Antimino|Antimo|Antino|Antinoe|Antinoo|Antioca|Antioco|Antiope|Antipa|Antipatro|Antistene|Anto|Antogona|Antonella|Antonello|Antonetta|Antonia|Antonico|Antonietta|Antonietto|Antonina|Antonino|Antonio|Antuono|Anzia|Anzio|Aonio|Apelle|Api|Apollina|Apollinare|Apollo|Apollodoro|Apollonia|Apollonio|Apostolo|Apparizio|Appia|Appiano|Appio|Aprile|Aprilia|Aprilio|Apuleio|Aquila|Aquilante|Aquilina|Aquilino|Aquilio|Arabella|Aralda|Araldo|Arames|Aramis|Arbace|Arbogaste|Arbogasto|Arcadia|Arcadio|Arcangela|Arcangelina|Arcangelo|Arcangiolo|Arceo|Archelao|Archibaldo|Archidamo|Archimede|Archippo|Archita|Arcibaldo|Arcide|Arcimbaldo|Arcisio|Arciso|Arconte|Arda|Ardeatina|Ardengo|Ardingo|Ardino|Ardita|Ardito|Ardo|Ardoino|Ardolino|Ardovino|Arduilio|Arduina|Arduino|Ares|Aretusa|Arezio|Argante|Argantina|Arge|Argea|Argemiro|Argene|Argenide|Argenta|Argentina|Argentino|Argento|Argenzia|Argeo|Argia|Argimiro|Argio|Argira|Argo|Aria|Arialda|Arialdo|Ariana|Arianna|Arianno|Ariano|Ariberto|Ariel|Ariela|Ariele|Ariella|Ariello|Arienzo|Arietta|Arietto|Arimondo|Arina|Arino|Ario|Ariodante|Ariosta|Ariosto|Ariovaldo|Aris|Aristarco|Aristea|Aristeo|Aristide|Aristidina|Aristippo|Aristo|Aristobulo|Aristocle|Aristodemo|Aristofane|Aristogitone|Aristotele|Aristotile|Arlesiana|Arletta|Arlette|Arlotto|Armanda|Armandina|Armandino|Armando|Armanno|Armano|Armela|Armelina|Armelinda|Armelindo|Armella|Armellina|Armellino|Armello|Armena|Armenia|Armenio|Armeno|Armerina|Armerino|Armida|Armidio|Armido|Armina|Arminda|Arminia|Arminio|Armino|Armistizio|Armodio|Armonia|Arnalda|Arnaldo|Arnolda|Arnoldo|Arnolfo|Arolda|Aroldo|Arone|Aronne|Aronte|Aronzio|Arpalice|Arriga|Arrighetto|Arrigo|Arsenia|Arsenio|Arsilia|Arsilio|Arsinoe|Arsinoo|Artaserse|Artemia|Artemide|Artemidio|Artemino|Artemio|Artemisia|Artemisio|Artemo|Artena|Artenice|Artenio|Artura|Arturina|Arturo|Arunte|Arvino|Ascalo|Ascania|Ascanio|Ascensa|Ascensina|Ascensio|Ascenso|Ascenza|Ascenzina|Ascenzio|Asclepiade|Asclepio|Asdrubale|Asia|Asiago|Asmara|Asmarino|Asmaro|Asmodeo|Aspasia|Aspasio|Aspromonte|Assalonne|Assuera|Assuero|Assunta|Assuntina|Assuntino|Assunto|Aster|Asteria|Asterio|Asterione|Astero|Astianatte|Astolfo|Astore|Astorino|Astorre|Astra|Astrea|Astreo|Astro|Astutilla|Astutillo|Atala|Atalia|Atalo|Atanasia|Atanasio|Ataulfo|Atea|Atena|Atenagora|Atenaide|Atene|Ateno|Atenodoro|Atenogene|Ateo|Athos|Atos|Atrea|Atreo|Attala|Attalo|Attanasio|Attico|Attila|Attilia|Attiliana|Attiliano|Attilio|Attilo|Atto|Attone|Audace|Audenzia|Audenzio|Audiface|Auditore|Audomaro|Augurio|Augusta|Augustale|Augustina|Augusto|Aulo|Aunacario|Aura|Aurea|Aurelia|Aureliana|Aureliano|Aurelio|Aureo|Auretta|Aurino|Auro|Aurora|Ausilia|Ausilio|Ausonia|Ausonio|Auspicio|Aussenzio|Ava|Avanti|Ave|Avelardo|Avelia|Avelina|Avelino|Avelio|Avellina|Avellino|Avendrace|Aventina|Aventino|Averardo|Averina|Averino|Averio|Aviero|Avo|Avventina|Avventino|Azaria|Azeglia|Azeglio|Azelia|Azelio|Azelma|Azia|Azio|Aztto|Azzeglio|Azzello|Azzio|Azzo|Azzolina|Azzolino|Azzone|Azzurra|Azzurrina|Azzurrino|Azzurro
99%
B Babila|Babilo|Bacchisio|Baccio|Bacco|Bachisia|Bachisio|Baciccia|Bacolo|Badoglio|Baiamonte|Baingia|Baingio|Baiulo|Balbina|Balbino|Balbo|Balda|Baldassare|Baldassarre|Balderico|Baldina|Baldino|Baldo|Baldoino|Baldomero|Baldovina|Baldovino|Balduina|Balduino|Balilla|Balsamina|Balsamo|Bambina|Bando|Barachisio|Barbara|Barbaro|Barbato|Barbaziano|Barbera|Barberina|Bardilio|Bardina|Bardino|Bardo|Bardolfo|Barlaam|Barnaba|Barsaba|Barsanofio|Barsanofrio|Barsanufio|Barsete|Barsimeo|Bartimeo|Bartola|Bartolina|Bartolo|Bartolomea|Bartolomeo|Baruch|Basilea|Basileo|Basilia|Basiliano|Basilide|Basilio|Basiliola|Basilisco|Basilissa|Basolo|Bassa|Bassano|Bassiano|Basso|Bastiano|Batilda|Batilde|Batista|Battista|Battistina|Battistino|Baudelio|Baudino|Baudolina|Baudolino|Bavone|Beano|Beata|Beato|Beatrice|Beca|Beda|Begga|Bela|Béla|Belardina|Belardino|Belardo|Belfiore|Belilde|Belina|Belinda|Belisaria|Belisario|Bella|Belladonna|Bellerofonte|Bellina|Bellincione|Bellino|Bellisario|Bello|Bellomo|Beltrame|Beltramo|Beltrando|Benci|Bencivenga|Bencivenghi|Bencivenisti|Bencivenni|Bencivieni|Bene|Benedetta|Benedetto|Benedino|Beneno|Benetto|Bengasi|Bengasina|Bengasino|Benghi|Beniamina|Beniamino|Benigna|Benigno|Benilda|Benilde|Benildo|Benina|Benino|Benintendi|Benita|Benito|Benizia|Benjamino|Bennardo|Bennassù|Benno|Bennone|Beno|Benozzo|Bensa|Benso|Bentivegna|Bentivoglio|Benuccio|Benvenisti|Benvenuta|Benvenuto|Bepi|Beppa|Beppe|Beppina|Beppino|Berarda|Berardina|Berardino|Berardo|Bercario|Berengaria|Berengario|Berenice|Berlinghieri|Berna|Bernabo|Bernabò|Bernadetta|Bernadette|Bernarda|Bernardetta|Bernardina|Bernardino|Bernardo|Berniero|Bernino|Bernoardo|Bernolfo|Bernone|Bernulfo|Bernwardo|Berta|Bertilla|Bertillo|Bertina|Bertino|Berto|Bertoldo|Bertolfo|Bertolina|Bertolino|Bertolo|Bertrada|Bertrando|Bertuccio|Bessarione|Besso|Betsabea|Betta|Bettina|Bettino|Betto|Biaggio|Biagia|Biagina|Biagino|Biagio|Bianca|Bianca Maria|Biancamaria|Biancaneve|Bianchina|Bianchino|Bianco|Bianore|Biase|Biasino|Bibbiana|Bibbiano|Bibiana|Bibiano|Bibli|Biblide|Bice|Bicetta|Bilichilde|Bililde|Bindo|Bionda|Biondina|Biondino|Biondo|Birgitta|Birillo|Birino|Bisio|Bixio|Blanda|Blandina|Blandino|Blando|Blitmondo|Bluetta|Bobuleno|Boemondo|Boeria|Boerio|Boero|Boetiano|Boezio|Bona|Bonacata|Bonacatta|Bonaccorso|Bonacosa|Bonafede|Bonagiunta|Bonaiuto|Bonaldo|Bonamico|Bonapace|Bonardo|Bonaria|Bonarina|Bonario|Bonaventura|Bonavita|Boncambio|Boncompagno|Bonconte|Bonella|Bonfante|Bonfiglio|Bonfilio|Bonifacia|Bonifacio|Bonifazio|Bonina|Bonincontro|Bonino|Bono|Bonomo|Bononio|Bonosa|Bonoso|Bonsignore|Bonturo|Bonuccia|Bonvicino|Boris|Borso|Bortola|Bortolino|Bortolo|Bortolomeo|Boso|Bosone|Bova|Bovio|Bovo|Braccio|Bradamante|Branca|Brancaleone|Brandano|Brandimarte|Brando|Brasile|Brasilia|Brasilina|Brasilino|Braulio|Brendan|Brenna|Brenno|Breno|Bretannione|Brigida|Brigidina|Brigido|Brigitta|Brillante|Brillantina|Briseide|Brizia|Brizio|Broccardo|Broccola|Bronislao|Bruna|Brunaldo|Brunechilde|Brunella|Brunellesco|Brunello|Brunera|Brunero|Brunetta|Brunetto|Brunilda|Brunilde|Brunildo|Brunina|Bruno|Brunone|Bruto|Bucolo|Bueso|Buonadonna|Buonafede|Buonagiunta|Buonaventura|Buondelmonte|Buonfede|Buonfiglio|Buono|Buoso|Buovo|Burcardo
94%
C Cabiria|Cabirio|Cacciaguida|Cadmo|Cadore|Cadorino|Cadorna|Cadornino|Cadorno|Caffiero|Cafiera|Cafiero|Caifa|Caino|Caio|Cairoli|Calcedonia|Calcedonio|Caleb|Calfiero|Calimerio|Calimero|Calipso|Calista|Calisto|Callimaco|Callinica|Callinice|Callinico|Calliopa|Calliope|Calliopo|Calliroe|Callista|Callisto|Callistrato|Calmo|Calocero|Calogera|Calogero|Calpurnia|Calpurnio|Calvina|Calvino|Calvio|Calvo|Cambio|Camelia|Camilla|Camillo|Cammilla|Cammillo|Canciano|Candelora|Candeloro|Candida|Candido|Cane|Canio|Cante|Canuto|Canzia|Canziana|Canzianilla|Canzianillo|Canziano|Canzio|Capitolina|Cara|Cardenio|Carducci|Carduccio|Carilao|Carina|Carino|Carisio|Carissima|Carissimo|Caritone|Carla|Carletta|Carletto|Carlina|Carlino|Carlo|Carlomanno|Carlotta|Carlottina|Carluccia|Carluccio|Carmela|Carmelina|Carmelinda|Carmelindo|Carmelino|Carmelita|Carmelo|Carmen|Carmencita|Carmina|Carmine|Carminella|Carminio|Carmino|Carmosina|Caro|Carola|Carolina|Carolino|Carolo|Carpo|Carpoforo|Carponio|Carso|Cartesio|Caruso|Casilda|Casilde|Casimira|Casimiro|Casimirro|Cassandra|Cassandro|Cassia|Cassiana|Cassiano|Cassina|Cassio|Cassiopea|Casta|Casto|Castolo|Castore|Castorina|Castorino|Castorio|Castrense|Castrenza|Castrenze|Castrese|Castruccio|Catalano|Catalda|Cataldina|Cataldino|Cataldo|Catalina|Catarina|Catelano|Catella|Catello|Catena|Cateno|Catera|Caterina|Caterino|Catia|Catiello|Catina|Catino|Cato|Catone|Catrina|Catterina|Catterino|Catulla|Catullo|Cavalcante|Cavallotti|Cavour|Cecchina|Cecchino|Cecco|Cecilia|Cecilio|Cefa|Celerina|Celerino|Celesta|Celeste|Celestina|Celestino|Celesto|Celia|Celiano|Celidonia|Celidonio|Celina|Celinia|Celino|Celio|Cellina|Cellino|Cello|Celsa|Celsina|Celsino|Celsio|Celso|Cenere|Cenerico|Cenerina|Cenerino|Cenni|Cennino|Censina|Ceolfrido|Cerbone|Cereale|Cesara|Cesare|Cesarea|Cesareo|Cesaria|Cesarina|Cesarino|Cesario|Cesco|Cesella|Cesello|Cesia|Cesidia|Cesidio|Cesina|Cesino|Cesio|Cesira|Cesiro|Cesone|Cetteo|Chaim|Chantal|Chelidonia|Chenia|Chenio|Cherubina|Cherubino|Cherubo|Chiaffreda|Chiaffredo|Chiara|Chiarella|Chiaretta|Chiarina|Chiarino|Chiaro|Chicco|Childeberto|Childerico|Chilone|Chinzica|Chirico|Christian|Cia|Ciano|Cibele|Ciccio|Cicerone|Cidippe|Cilinia|Cimone|Cina|Cincinnato|Cino|Cinthia|Cintia|Cintio|Cinzia|Cinzica|Cinzio|Cinzo|Ciofo|Cione|Cipriana|Cipriano|Cira|Cirano|Cirene|Cireneo|Cirenia|Cireno|Ciretta|Ciriaca|Ciriaco|Cirilla|Cirillo|Cirina|Cirino|Cirione|Ciro|Cisa|Cisella|Cisti|Civita|Clara|Clarenza|Clarenzio|Clarenzo|Claretta|Clarice|Clario|Clarissa|Clarita|Claro|Clauco|Claudia|Claudiana|Claudiano|Claudina|Claudino|Claudio|Clea|Cleandro|Cleante|Cleanto|Clearco|Cleide|Clelia|Clelio|Clementa|Clemente|Clementina|Clementino|Clemenza|Clemenzia|Cleo|Cleofa|Cleofe|Cleofina|Cleofino|Cleomene|Cleone|Cleonice|Cleonico|Cleonilde|Cleonte|Cleontina|Cleopatra|Cleope|Cleria|Clerice|Clerio|Cleta|Cleto|Clia|Cliceria|Clicerio|Climaco|Climene|Clino|Clio|Clita|Clitemnestra|Clitennestra|Clito|Clizia|Clizio|Clodia|Clodio|Clodoaldo|Clodolfo|Clodomira|Clodomiro|Clodovea|Clodoveo|Cloe|Clora|Clori|Cloridano|Cloride|Clorinda|Clorindo|Clotario|Clotilde|Clotildo|Coclite|Cola|Coletta|Colette|Coletto|Collatino|Colmanno|Colmano|Colomanno|Colomano|Colomba|Colombano|Colombina|Colombo|Comasia|Comincio|Comita|Comito|Como|Comunarda|Comunardo|Cona|Concepita|Concessa|Concessina|Concesso|Concetta|Concettina|Concettino|Concetto|Concezia|Concezione|Concita|Concordia|Concordio|Conforta|Conforto|Confucio|Cono|Conone|Consalva|Consalvo|Consiglia|Consiglio|Consilia|Consola|Consolata|Consolato|Consolazione|Consolina|Consorzia|Consorzio|Constabile|Consuela|Consuelo|Contarda|Contardina|Contardo|Contrano|Cora|Coraggio|Coralba|Coralia|Coralla|Corallina|Corallo|Corbiniano|Cordelia|Cordelio|Cordula|Corebo|Corentino|Corilla|Corina|Corinda|Corinna|Corinno|Corino|Corinta|Corinto|Coriolano|Cornelia|Cornelio|Corona|Coronata|Corrada|Corradina|Corradino|Corrado|Corsina|Corsino|Corso|Cortese|Cortesia|Cortesina|Cortina|Cortino|Cosetta|Cosima|Cosimina|Cosimo|Cosma|Cosmano|Cosmina|Cosmino|Cosmo|Cosroe|Costabile|Costante|Costantina|Costantino|Costanza|Costanzo|Cratone|Creonte|Crescente|Crescentina|Crescentino|Crescenza|Crescenzia|Crescenziana|Crescenziano|Crescenzino|Crescenzio|Crescenzo|Cresci|Crescimbene|Creso|Crespina|Crespino|Creusa|Crimilde|Crisante|Crisanto|Criseide|Crisippo|Criso|Crisoforo|Crisogono|Crisologo|Crisostomo|Crispina|Crispino|Crispoldo|Crispolto|Crista|Cristaldo|Cristano|Cristanziano|Cristian|Cristiana|Cristiano|Cristina|Cristino|Cristo|Cristofalo|Cristofano|Cristofaro|Cristofer|Cristofera|Cristofero|Cristofora|Cristoforo|Critone|Croce|Crocefissa|Crocefisso|Crocetta|Crocifissa|Crocifisso|Crocina|Cruciano|Cucufate|Cunegonda|Cunegondo|Cunialdo|Cuniberto|Cuono|Cupido|Curio|Curzia|Curzio|Custode|Custodio|Cutberto|Cuzia
93%
D Dacia|Daciana|Daciano|Dacio|Dada|Dafne|Dafni|Dafrosa|Dagoberta|Dagoberto|Daiana|Dalia|Dalida|Dalila|Dalinda|Dalino|Dalio|Daliso|Dalma|Dalmata|Dalmato|Dalmazia|Dalmazio|Dalmazzo|Dalmina|Dalmo|Damaride|Damaris|Damasa|Damasca|Damasco|Damaso|Damhnait|Damia|Damiana|Damiano|Damina|Damino|Damiris|Damocle|Damone|Dana|Danae|Danao|Dandolo|Dania|Daniel|Daniela|Daniele|Daniella|Danila|Danilla|Danillo|Danilo|Danio|Dannunzio|Danta|Dante|Dantina|Dantino|Danubio|Dardano|Dardo|Daria|Dariella|Darina|Dario|Darma|Darmo|Darvina|Darvino|Darwin|Dasio|Dassio|Dativo|Dato|David|Davida|Davide|Davidina|Davidino|Davina|Davino|Dazio|Dea|Deana|Deanira|Deanna|Debora|Deborah|Decenzio|Decia|Decima|Decimina|Decimino|Decimo|Decio|Decoroso|Dedalo|Defendente|Defendentina|Degna|Deianira|Deidamia|Deifobo|Dejanira|Delcisa|Deledda|Delfa|Delfi|Delfina|Delfino|Delfo|Delia|Delina|Delinda|Delino|Delio|Delisa|Delizia|Delizio|Delmira|Dema|Demarato|Deme|Demetra|Demetria|Demetrio|Demiro|Demo|Democrito|Demofonte|Demofoonte|Demostene|Denis|Denisa|Denise|Denisia|Denisse|Deodata|Deodato|Deograzia|Deomira|Deonisia|Dera|Derina|Derio|Derna|Dernino|Derno|Dero|Desdemona|Desdemone|Desia|Desidera|Desiderata|Desiderato|Desideria|Desiderio|Desio|Desirée|Desolina|Despina|Dessiè|Destino|Deucalione|Devota|Diacono|Diamanta|Diamante|Diamantina|Diana|Dianella|Dianello|Diano|Dianora|Diaz|Didaco|Didia|Didima|Didimo|Didio|Didone|Diega|Diego|Diletta|Diletto|Dilia|Diliana|Dilio|Dilla|Dillo|Dilo|Dima|Dimitra|Dimitri|Dimma|Dimmo|Dimo|Dimpna|Dina|Dinetto|Dinfna|Dino|Diocle|Diocleziano|Dioclezio|Diodata|Diodato|Diodora|Diodoro|Diogene|Diomede|Diomira|Diomiro|Dione|Dionella|Dionello|Dionigi|Dionigia|Dionigio|Dionilla|Dionino|Dionira|Dionisi|Dionisia|Dionisio|Dioscoride|Dioscoro|Dioscuro|Diotisalvi|Dirce|Dircea|Dirceo|Disma|Dismo|Disolina|Diva|Divina|Divinangelo|Divino|Divio|Divo|Docle|Dogali|Dogalina|Dolce|Dolcina|Dolcino|Dolcissima|Dolinda|Dolindo|Dolorata|Dolores|Doloretta|Dolorice|Dolorina|Dolorinda|Dolorino|Doloris|Dolorosa|Domenica|Domenichina|Domenichino|Domenico|Domezio|Dominatore|Dominica|Domitilla|Domitillo|Domizia|Domiziano|Domizio|Donaldo|Donata|Donatella|Donatello|Donatilla|Donatina|Donatino|Donato|Donelio|Donella|Donello|Donetta|Donina|Donino|Donna|Donnina|Donnino|Donnione|Donno|Donnolo|Dono|Dora|Doralice|Doranda|Dorando|Dorella|Doretta|Doretto|Dori|Doria|Doriana|Doriano|Doride|Dorina|Dorinda|Dorindo|Dorio|Doris|Dorita|Doro|Dorotea|Doroteo|Dosolina|Dosolino|Doviglia|Doviglio|Dovilia|Dovilio|Dracone|Driade|Drusa|Drusiana|Drusiano|Drusilla|Druso|Drusolina|Duccia|Duccio|Duilia|Duilio|Duina|Duino|Dula|Dumas|Dunstano|Duranda|Durando|Durante|Durantino|Duse|Dusolina
90%
F Fabia|Fabiana|Fabiano|Fabio|Fabiola|Fabrizia|Fabrizio|Facino|Faconda|Facondino|Facondo|Faina|Falamina|Falamino|Falaride|Falco|Falerio|Faliera|Faliero|Falliero|Famiana|Famiano|Fanfulla|Fania|Fanio|Fanny|Fantasio|Fantina|Fantino|Fanuele|Faone|Fara|Faro|Fatima|Fatma|Fausta|Faustina|Faustino|Fausto|Faustolo|Favorita|Favorito|Fazia|Fazio|Febbronia|Febe|Febea|Febo|Febronia|Febronio|Fede|Fedela|Fedele|Fedelina|Federica|Federico|Federiga|Federigo|Fedina|Fedino|Fedo|Fedone|Fedora|Fedorino|Fedoro|Fedra|Fedro|Fele|Felia|Felice|Felicetta|Felicetto|Felicia|Feliciana|Feliciano|Felicina|Felicino|Felicio|Felicissima|Felicissimo|Felicita|Felicità|Felicola|Felina|Felino|Felio|Feliziano|Femia|Femio|Fenice|Fenisia|Fenisio|Fenizia|Feo|Ferdinanda|Ferdinando|Fereolo|Ferma|Fermina|Ferminia|Ferminio|Fermino|Fermo|Fernanda|Fernando|Ferranda|Ferrando|Ferrante|Ferraro|Ferreolo|Ferrera|Ferrero|Ferriano|Ferriero|Ferrina|Ferrino|Ferruccia|Ferruccio|Ferruzio|Fervida|Fervido|Festo|Fetonte|Fiamma|Fiammetta|Fida|Fidalba|Fidaldo|Fidalma|Fidalmina|Fidalmino|Fidalmo|Fidardo|Fidelfa|Fidelfo|Fidelia|Fidelio|Fidelma|Fidelmino|Fidelmo|Fidenzia|Fidenzio|Fidenzo|Fides|Fidia|Fidio|Fido|Fidolo|Fiducia|Fiero|Filadelfa|Filadelfia|Filadelfio|Filadelfo|Filagrio|Filandro|Filarete|Filastro|Filea|Filelfo|Filemone|Filena|Fileno|Filiberta|Filiberto|Filide|Filidea|Filideo|Filidoro|Filippa|Filippina|Filippino|Filippo|Fillide|Filodelfo|Filodemo|Filomela|Filomena|Filomeno|Filone|Filoreto|Filosofo|Filostrato|Filotea|Filoteo|Filotero|Filottete|Fina|Finalba|Finalbo|Finaldo|Fine|Finella|Fineo|Fines|Finetta|Finetto|Finimola|Finimonda|Finimondo|Finimunda|Finisia|Finisio|Finita|Finizia|Finizio|Fino|Fiora|Fioramante|Fioramonte|Fiorangela|Fioravante|Fioravanti|Fiordalice|Fiordaligi|Fiordalisa|Fiordaliso|Fiordelige|Fiore|Fiorella|Fiorello|Fiorente|Fiorentina|Fiorentino|Fiorenza|Fiorenzina|Fiorenzino|Fiorenzio|Fiorenzo|Fioretta|Fioretto|Fiori|Fiorigi|Fiorigia|Fiorigio|Fiorillo|Fiorina|Fiorinda|Fiorindo|Fiorino|Fiorisa|Fiorita|Fiorito|Fiorlinda|Fiorlindo|Firenze|Firma|Firmando|Firmato|Firmina|Firminia|Firminio|Firmino|Firmo|Fiumana|Fiumano|Fiume|Flaminia|Flaminio|Flavia|Flaviana|Flaviano|Flavio|Flora|Floreana|Floreano|Florenza|Florenzia|Florenzio|Florenzo|Flores|Florestano|Florestina|Floretta|Floria|Floriana|Floriano|Floriberto|Florida|Floride|Floridea|Florideo|Floridia|Florido|Florige|Florigi|Florina|Florinda|Florindo|Florino|Florio|Floris|Florisa|Florise|Floriso|Florita|Floro|Foca|Folco|Folgore|Fontana|Fonte|Fontina|Forese|Foresta|Forestano|Forestina|Foresto|Formoso|Forte|Fortino|Fortuna|Fortunata|Fortunatina|Fortunato|Fortunia|Fortunio|Fortunione|Fortuno|Fosca|Foscarina|Foscarino|Foscaro|Fosco|Foscolo|Fotina|Fotino|Fozio|Franca|Francesca|Franceschina|Franceschino|Francesco|Franchina|Franchino|Francia|Francina|Franco|Franklin|Franzina|Franzio|Freda|Fredegonda|Fredegondo|Fredesvinda|Frediana|Frediano|Fredo|Frida|Fride|Fridia|Frido|Fridolino|Frieda|Frine|Frino|Friso|Frontino|Frontone|Frugolino|Frumenzio|Frutto|Fruttolo|Fruttuosa|Fruttuoso|Fulberto|Fulco|Fulda|Fuldo|Fulgenzia|Fulgenzio|Fulgenzo|Fulgida|Fulgido|Fulgo|Fulvia|Fulviano|Fulvio|Fulvo|Furia|Furiano|Furietta|Furio|Fusco
90%
E Eaco|Ebe|Ebedieso|Eberardo|Ebo|Ecate|Eccelino|Eccelsa|Eccelso|Ecclesio|Echidna|Ecla|Ecle|Eco|Ecuba|Eda|Edda|Eddo|Eddy|Ede|Edelberga|Edelberto|Edelvais|Edelveis|Edelwais|Edelwaiss|Edelweiss|Eden|Edena|Edera|Ederina|Ederino|Edero|Edesia|Edesio|Edgarda|Edgardo|Edia|Edilberto|Edilburga|Edilia|Ediliano|Edilio|Ediltruda|Edina|Edino|Edio|Edipo|Edippo|Edison|Edita|Edith|Editta|Edma|Edmea|Edmeo|Edmo|Edmonda|Edmondo|Edo|Edoarda|Edoardina|Edoardo|Edra|Edro|Eduarda|Eduardo|Eduilio|Eduina|Eduino|Edvige|Edvigio|Edvina|Edvino|Edwige|Efebo|Effrem|Efialte|Efigenia|Efisia|Efisina|Efisio|Efiso|Efrem|Efren|Efro|Egberto|Egea|Egeo|Egeria|Egerio|Egesippo|Egeziaca|Egida|Egide|Egidia|Egidio|Egilda|Egildo|Egilia|Egilio|Egina|Eginardo|Eginia|Eginio|Egista|Egisto|Egizia|Egiziaca|Egiziana|Egiziano|Egizio|Egla|Eglandina|Eglantina|Eglantino|Egle|Eglentina|Eglice|Eglina|Eglo|Eladio|Elano|Elba|Elbana|Elbanio|Elbano|Elbo|Elda|Eldina|Eldino|Eldo|Eldrado|Elea|Eleazaro|Elena|Elenia|Elenio|Eleno|Eleonarda|Eleonardo|Eleonora|Eleonoro|Eletta|Eletto|Elettra|Elettro|Eleuteria|Eleuterio|Elfa|Elfi|Elfia|Elfina|Elfio|Elfo|Elfrida|Elfride|Elfrido|Elfriede|Elga|Elgo|Elia|Èlia|Eliana|Eliano|Elianora|Elias|Eliberto|Elice|Elida|Elide|Elidia|Elidio|Elido|Eligia|Eligio|Elina|Elinda|Elindo|Elino|Elio|Eliodora|Eliodoro|Eliogabalo|Elisa|Elisabetta|Elisea|Elisena|Eliseo|Elisetta|Elisio|Eliso|Ella|Ellade|Elladio|Elle|Ellena|Ellenia|Ellenio|Elleno|Ellera|Ellero|Ellia|Ellida|Ello|Elma|Elmina|Elmino|Elmira|Elmiro|Elmo|Elodia|Elogio|Eloisa|Eloisia|Elpidia|Elpidio|Elsa|Elsia|Elsio|Elso|Elva|Elvana|Elvano|Elvea|Elvetica|Elvetico|Elvezia|Elvezio|Elvia|Elviana|Elvida|Elvidia|Elvidio|Elvina|Elvinia|Elvinio|Elvino|Elvio|Elvira|Elvirina|Elviro|Elvisa|Elvise|Elvisia|Elvisio|Elviso|Elvo|Elza|Elzeario|Elzo|Emanuel|Emanuela|Emanuele|Emanuelita|Emanuella|Emera|Emerenzia|Emerenziana|Emerenziano|Emerenzio|Emeria|Emerica|Emerico|Emerigo|Emerina|Emerino|Emerio|Emerita|Emerito|Emi|Emiddia|Emiddio|Emide|Emidia|Emidio|Emilia|Emiliana|Emiliano|Emilietta|Emilio|Emira|Emirio|Emiro|Emma|Emmanuel|Emmanuela|Emmanuele|Emmanuella|Emmelia|Emmelina|Emmerico|Emmo|Emone|Empedocle|Encelado|Endimione|Enea|Enedina|Enedino|Eneide|Eneo|Enerina|Enerino|Enerio|Engarda|Engel|Engelberto|Engels|Enghel|Engilberto|Eni|Enia|Enio|Enni|Ennia|Ennio|Ennodio|Enoc|Enoch|Enomao|Enone|Enos|Enotria|Enotrio|Enotro|Enrica|Enrichetta|Enrichietto|Enrico|Eny|Enza|Enzia|Enzina|Enzino|Enzio|Enzo|Eola|Eolo|Epafra|Epafrodito|Epaminonda|Epicari|Epicarmo|Epicuro|Epifania|Epifanio|Epifano|Epimaco|Epimenide|Epimenio|Epimeteo|Epitteto|Era|Eracle|Eraclea|Eracleo|Eraclia|Eraclide|Eraclio|Eraclita|Eraclito|Eralda|Eraldo|Eramo|Erardo|Erasma|Erasmo|Erato|Erberto|Ercla|Ercolano|Ercole|Ercoliano|Ercolina|Ercolino|Erculiano|Erenia|Erenio|Erennio|Eretteo|Eria|Eriana|Eriano|Eriberta|Eriberto|Eric|Erica|Erico|Eridana|Eridanio|Eridano|Eride|Erido|Eriglia|Erik|Erika|Erina|Erinna|Erinne|Erinno|Erino|Erio|Eris|Eritrea|Eritreo|Erlinda|Erlindo|Erma|Ermacora|Ermada|Ermado|Ermagora|Ermana|Ermanda|Ermando|Ermanna|Ermanno|Ermano|Ermelao|Ermelina|Ermelinda|Ermelindo|Ermelino|Ermella|Ermellina|Ermellino|Ermena|Ermenegilda|Ermenegildo|Ermengarda|Ermengardo|Ermengaudio|Ermengilda|Ermenio|Ermentina|Ermes|Ermete|Ermetina|Ermida|Ermide|Ermidio|Ermido|Ermilda|Ermildo|Ermina|Erminda|Ermindo|Erminia|Erminio|Ermino|Ermione|Ermippo|Ermo|Ermocrate|Ermogene|Ermolao|Erna|Ernalda|Ernaldo|Ernando|Ernani|Ernano|Ernella|Ernesta|Ernestina|Ernestino|Ernesto|Ernino|Erno|Ero|Erode|Erodiade|Erodione|Eroe|Erone|Eros|Erostrato|Erpidio|Errica|Errichetta|Errico|Errigo|Ersilia|Ersilio|Erta|Erte|Erto|Ervenio|Erveno|Erveo|Ervina|Ervino|Esaù|Eschilo|Eschine|Esdra|Esia|Esichio|Esilio|Esimia|Esimio|Esiodo|Esmeralda|Esmeraldo|Esopo|Espedita|Espedito|Esperia|Esperina|Esperino|Esperio|Espero|Esposito|Esquilio|Esta|Este|Estella|Ester|Esterina|Esterino|Estero|Esule|Esuperanzia|Esuperanzio|Esuperia|Esuperio|Esvaldo|Etelberto|Eteldreda|Eteldredo|Etelreda|Etelredo|Eteltredo|Etelvoldo|Eteocle|Etra|Etruria|Etrurio|Etrusca|Etrusco|Etta|Ettora|Ettore|Ettorina|Ettorino|Eucardia|Eucardio|Eucarpio|Eucherio|Euclida|Euclide|Eudemia|Eudemio|Eudemo|Euderta|Eudilia|Eudilio|Eudocia|Eudocio|Eudora|Eudoro|Eudosia|Eudosio|Eudossia|Eudossio|Eufebio|Eufelia|Eufelio|Eufemia|Eufemio|Eufrasia|Eufrasina|Eufrasio|Eufronio|Eufrosia|Eufrosina|Eufrosine|Eufrosino|Eugenia|Eugenio|Eugrafio|Eugrafo|Eulalia|Eulalio|Eulogio|Eumene|Eumenio|Eumeo|Eumolpo|Eunice|Eupilio|Euplio|Euprassia|Euprassio|Eupremia|Eupremio|Euprepia|Euprepio|Eupreprio|Eura|Euriale|Eurialo|Euriclea|Euridice|Euripide|Euripilo|Euripio|Eurito|Euro|Europa|Europea|Europeo|Eurosia|Eurosio|Eusanio|Eusapia|Eusebia|Eusebio|Eusepio|Eustacchia|Eustacchio|Eustachia|Eustachio|Eustasia|Eustasio|Eustochia|Eustochio|Eustorgio|Euterpe|Euticchio|Eutiche|Eutichia|Eutichiano|Eutichio|Eutimia|Eutimio|Eutizio|Eutropia|Eutropio|Eva|Evadne|Evalda|Evaldo|Evandra|Evandro|Evangela|Evangelia|Evangelina|Evangelino|Evangelista|Evangelisto|Evangelo|Evanzio|Evararda|Evardo|Evarista|Evaristo|Evasia|Evasio|Evelia|Evelina|Evelino|Evelio|Evenzio|Evenzo|Everaldo|Everardo|Evi|Evia|Evina|Evino|Evio|Evita|Ezechia|Ezechiela|Ezechiele|Ezechiella|Ezechiello|Ezelina|Ezelinda|Ezelindo|Ezelino|Ezia|Ezio|Ezra|Ezzelina|Ezzelino
89%
G Gabbriella|Gabbriello|Gabinio|Gabino|Gabiria|Gabri|Gabriela|Gabriele|Gabrielina|Gabriella|Gabriello|Gabrio|Gaddo|Gaetana|Gaetanella|Gaetanina|Gaetanino|Gaetano|Gagliano|Gagliardo|Gaia|Gaio|Galante|Galantino|Galatea|Galdina|Galdino|Galdo|Galeana|Galeazzo|Galena|Galeno|Galerio|Galgano|Galiana|Galiano|Galilea|Galileo|Galla|Gallia|Galliana|Galliano|Gallio|Gallo|Galvano|Gamaliele|Gandolfa|Gandolfo|Gano|Garbina|Garbino|Gardenia|Gardenio|Gardina|Gardino|Gardo|Garibalda|Garibaldi|Garibaldina|Garibaldo|Garimberto|Gaspara|Gaspare|Gasparina|Gasparino|Gasparo|Gaspera|Gasperina|Gasperino|Gaspero|Gasto|Gastone|Gaudenzia|Gaudenzina|Gaudenzio|Gaudenzo|Gaudina|Gaudino|Gaudio|Gaudiosa|Gaudioso|Gaudo|Gautiero|Gavina|Gavino|Gavinuccia|Gea|Gedeone|Gelardina|Gelardo|Gelasia|Gelasio|Gelfrido|Gelinda|Gelindo|Gelma|Gelmina|Gelmino|Gelmiro|Gelmo|Gelsa|Gelsina|Gelso|Gelsomina|Gelsomino|Geltrude|Geltrudo|Gemella|Gemello|Gemignana|Gemignano|Gemiliana|Gemiliano|Gemina|Geminiana|Geminiano|Geminio|Gemino|Gemisto|Gemma|Gemmina|Gemmo|Gene|Generale|Generosa|Generoso|Genesia|Genesio|Genia|Geniale|Genio|Genisia|Genisio|Gennadio|Gennaia|Gennara|Gennarina|Gennarino|Gennaro|Gennì|Gennj|Genny|Genoeffa|Genova|Genoveffa|Genoveffo|Genovina|Genovino|Genserico|Gentila|Gentile|Gentilia|Gentilina|Gentilino|Gentilio|Genuaria|Genuario|Genuina|Genuino|Genunzio|Genuzia|Genuzio|Geny|Genziana|Genziano|Genzina|Genzino|Genzio|Geo|Georgia|Georgiana|Georgina|Geppina|Geppino|Geralda|Geraldina|Geraldo|Gerarda|Gerardina|Gerardino|Gerardo|Gerasimo|Geraso|Gerberto|Gerbina|Gerbino|Geremia|Geri|Gerico|Gerina|Gerino|Gerio|Gerlanda|Gerlando|Germana|Germando|Germania|Germanico|Germanino|Germanio|Germano|Germinal|Germinale|Germinalina|Germondo|Gernando|Gero|Geroboamo|Gerolama|Gerolamina|Gerolamo|Geroldo|Gerolino|Gerolomina|Geromina|Geromino|Gerone|Geronima|Geronimo|Geronte|Geronzio|Geronzo|Geroteo|Gertrude|Gervasa|Gervasia|Gervasio|Gervaso|Gessica|Gesù|Gesua|Gesualda|Gesualdo|Gesuè|Gesuela|Gesuele|Gesuella|Gesuina|Gesuino|Gesumina|Gesumino|Gettulia|Gettulio|Getulia|Getulio|Getullio|Gezabele|Gherarda|Gherardina|Gherardo|Ghiga|Ghigo|Ghina|Ghino|Ghismonda|Ghismondo|Ghita|Gia|Giacchino|Giachetta|Giachino|Giacinta|Giacinto|Giacobbe|Giacoma|Giacomina|Giacomino|Giacomo|Giada|Giadero|Giaele|Giaime|Giairo|Giambattista|Giammaria|Giammario|Giampaolo|Giampiero|Giampietro|Gian|Gian Battista|Gian Carlo|Gian Domenico|Gian Filippo|Gian Franco|Gian Giacomo|Gian Luca|Gian Marco|Gian Maria|Gian Mario|Gian Paolo|Gian Piero|Gian Pietro|Giana|Gianbattista|Giancarla|Giancarlo|Giandomenico|Gianfilippo|Gianfranca|Gianfrancesco|Gianfranco|Giangaleazzo|Giangastone|Giangiacomo|Giani|Gianluca|Gianmarco|Gianmaria|Gianmario|Gianna|Giannella|Giannello|Giannetta|Giannetto|Gianni|Giannico|Giannina|Giannino|Giano|Gianpaolo|Gianpiero|Gianpietro|Gianuario|Giasone|Giberto|Gidio|Gigetta|Gigetto|Gigi|Gigia|Gigina|Gigino|Gigio|Giglia|Gigliana|Gigliante|Giglietta|Giglio|Gigliola|Gigliolo|Gilardo|Gilberta|Gilbertina|Gilberto|Gilda|Gildo|Gilfredo|Gilia|Giliana|Giliano|Giliante|Giliberto|Gilindo|Gilio|Giliola|Gilla|Gillo|Gilma|Gilmo|Gimignana|Gimignano|Gina|Ginepra|Ginepro|Ginesio|Ginetta|Ginetto|Ginevra|Ginevro|Gino|Gio Batta|Gio Battista|Gioacchina|Gioacchino|Gioachino|Gioanna|Giobatta|Giobattista|Giobba|Giobbe|Gioberto|Giocasta|Gioconda|Giocondina|Giocondino|Giocondo|Giodoco|Gioela|Gioele|Gioia|Gioiele|Gioiella|Gioiello|Gioietta|Gioina|Gioino|Gioiosa|Giolivo|Giona|Gionata|Gionni|Giordana|Giordano|Giorgetta|Giorgetto|Giorgia|Giorgiana|Giorgietta|Giorgina|Giorgino|Giorgio|Giorlanda|Giorlandina|Giorlando|Giosafat|Giosafatte|Giosafatto|Giosaffatte|Gioselina|Giosetta|Giosi|Giosia|Giosofatto|Giosselino|Giosuè|Giosuele|Giotto|Giovacchina|Giovacchino|Giovambattista|Giovan Battista|Giovanbattista|Giovanna|Giovannella|Giovanni|Giovanni Battista|Giovannica|Giovannico|Giovannina|Giovannino|Giove|Giovenale|Gioventino|Giovenza|Giovenzio|Gioviano|Giovina|Giovino|Giovita|Giovito|Giraldo|Girarda|Girardengo|Girardo|Girlando|Girolama|Girolamo|Gironima|Gisa|Gisberta|Gisberto|Gisela|Giselda|Giseldo|Gisella|Gisello|Gisfredo|Gislena|Gisleno|Gismonda|Gismondo|Gisto|Gisulfo|Giuda|Giudicaele|Giuditta|Giudo|Giuffrida|Giuffrido|Giugna|Giugno|Giulia|Giuliana|Giulianella|Giuliano|Giulietta|Giulietto|Giulio|Giulitta|Giuliva|Giulivo|Giunia|Giuniano|Giunio|Giunta|Giuntino|Giunto|Giuse|Giusepe|Giuseppa|Giuseppe|Giuseppina|Giuseppino|Giusi|Giusta|Giustina|Giustiniana|Giustiniano|Giustino|Giustizia|Giusto|Giusy|Giziana|Giziano|Gizio|Glafira|Glauca|Glauco|Glicera|Gliceria|Glicerio|Glicero|Glisente|Gloria|Gloriana|Gloriano|Glorietta|Glorio|Gneo|Gobano|Godardo|Godiva|Godo|Godone|Goffreda|Goffredo|Gogliardo|Goita|Goito|Golfiero|Golfredo|Golia|Goliarda|Goliardo|Gonaria|Gonario|Gondar|Gonerio|Gonsalvo|Gontrano|Gordiana|Gordiano|Gordio|Goretta|Goretto|Gorgonia|Gorgonio|Goriano|Gorina|Gorino|Gorizia|Goriziano|Gorizio|Gottarda|Gottardina|Gottardino|Gottardo|Gottifredo|Gracco|Gradisca|Gradisco|Gradita|Gradito|Grado|Grasolfo|Grata|Gratiliano|Grato|Grazia|Graziadio|Graziana|Graziano|Graziella|Graziello|Grazietta|Grazina|Grazio|Graziosa|Grazioso|Greca|Greco|Gregoria|Gregorina|Gregorio|Greta|Grimalda|Grimaldo|Grimilde|Grimoalda|Grimoaldo|Grisante|Griseide|Griselda|Grisologo|Grisostomo|Guadalupe|Guala|Gualberta|Gualberto|Gualdrada|Gualdrado|Gualfardo|Gualfredo|Gualtiera|Gualtierina|Gualtiero|Guarina|Guarino|Guarniero|Gudelia|Gudula|Guelfa|Guelfo|Guenda|Guendalina|Guerina|Guerino|Guerra|Guerranda|Guerrando|Guerrazzo|Guerriera|Guerriero|Guerrina|Guerrino|Guglielma|Guglielmina|Guglielmo|Guia|Guiberto|Guicciardino|Guicciardo|Guida|Guidina|Guido|Guidobaldo|Guidone|Guinibaldo|Guiscardo|Guizzardo|Gumesindo|Gundelinda|Gundisalvo|Gusmana|Gusmano|Gustava|Gustavo
89%
M Macallè|Macaria|Macario|Maccabeo|Macedone|Macedonia|Macedonio|Maceo|Maclovio|Macrina|Macrino|Macrobio|Macuto|Madda|Maddalena|Madera|Madero|Madia|Madina|Madio|Mafalda|Mafaldo|Maffeo|Maffio|Magda|Magdala|Magdalena|Magdalo|Magenta|Maggina|Maggino|Maggio|Maggiolina|Maggiolino|Maggiorana|Maggiore|Maggiorina|Maggiorino|Maghinardo|Maglorio|Magnerico|Magnino|Magno|Magone|Maia|Maida|Mainaldo|Mainardo|Mainetto|Maino|Maio|Maiorico|Malachia|Malco|Malfa|Malia|Malio|Malusio|Malva|Malvina|Malvino|Mamante|Mambrina|Mambrino|Mameli|Mamelta|Mamerto|Mamiliano|Mamilio|Mamillo|Mammola|Mammolo|Manasse|Mancio|Manetto|Manfreda|Manfredi|Manfredina|Manfredo|Mania|Manila|Manilia|Manilio|Manilla|Manillo|Manilo|Manin|Manina|Manio|Manlia|Manlio|Manna|Mannea|Mannino|Manno|Manoela|Manola|Manolo|Manon|Manrico|Mansueta|Mansueto|Manuel|Manuela|Manuele|Manuelita|Maometto|Mara|Marana|Marat|Marca|Marcella|Marcelliano|Marcellina|Marcellino|Marcello|Marchetto|Marchina|Marchisio|Marcia|Marciana|Marciano|Marciliano|Marcilio|Marco|Marcolfa|Marcolfo|Marcolina|Marcolino|Marcovalda|Marcovaldo|Marcuccia|Mardocheo|Mardonio|Marea|Marella|Marello|Marena|Mareno|Maresa|Maretta|Maretto|Marfisa|Marfisia|Marfisio|Marga|Margarita|Margherita|Margherito|Mari|Maria|Maria Angela|Maria Antonietta|Maria Elena|Maria Franca|Maria Giovanna|Maria Giulia|Maria Grazia|Maria Laura|Maria Luisa|Maria Pia|Maria Rita|Maria Rosa|Maria Stella|Maria Teresa|Mariaelena|Mariafranca|Mariagiovanna|Mariagiulia|Mariagrazia|Marialaura|Marialuisa|Mariana|Marianella|Mariangela|Mariangiola|Marianna|Mariannina|Mariannino|Marianno|Mariano|Mariapia|Mariarita|Mariarosa|Mariastella|Mariateresa|Marica|Mariella|Marietta|Mariettina|Marietto|Marika|Marilda|Marilde|Marilena|Marilia|Marilina|Marilla|Marilù|Marina|Marinella|Marinello|Marinetta|Marino|Mario|Mariola|Mariolina|Mariolino|Marisa|Marisella|Mariso|Maristella|Mariù|Mariuccia|Mariuccio|Mariuzza|Marlena|Marna|Marno|Maro|Marolo|Marone|Marota|Marozia|Marquardo|Marrico|Marrigo|Marsia|Marsiglia|Marsiglio|Marsilia|Marsilio|Marsina|Marsino|Marta|Martana|Martano|Marte|Martina|Martiniano|Martino|Martire|Martiria|Martirio|Marusca|Marussa|Marussia|Maruta|Marx|Marxina|Marxino|Mary|Marzia|Marziale|Marzialina|Marziana|Marziano|Marzilio|Marzina|Marzino|Marzio|Masaniello|Mascula|Masiero|Massenzia|Massenzio|Massima|Massimiano|Massimiliana|Massimiliano|Massimilla|Massimillo|Massimina|Massimino|Massimo|Mastino|Matelda|Materno|Matilda|Matilde|Matrona|Matroniano|Mattea|Matteo|Matteotti|Mattia|Maturino|Maturo|Matusalemme|Mauda|Maura|Maurella|Mauretta|Mauretto|Maurico|Maurilia|Maurilio|Maurina|Maurino|Maurizia|Mauriziano|Maurizio|Mauro|Mauronto|Max|Mazzeo|Mazzina|Mazzini|Mazzinio|Mazzino|Mea|Mecenate|Medarda|Medardo|Medea|Medeo|Mederico|Medina|Medora|Medoro|Medusa|Medusio|Meinardo|Meinrado|Melagro|Melaneo|Melania|Melanio|Melanippe|Melanippo|Melasippo|Melchiade|Melchidesecco|Melchidesech|Melchiora|Melchiore|Melchiorra|Melchiorre|Melchiorrina|Melchisedech|Meleagro|Meleusippo|Melezio|Meliana|Melina|Melinda|Melindo|Melino|Melisenda|Melissa|Melisso|Melita|Melitina|Melito|Melitone|Melitta|Mellina|Mellito|Melpomene|Memè|Memina|Memma|Memmio|Memmo|Memnone|Memo|Memore|Mena|Menalippe|Menalippo|Menandro|Mendes|Menedemo|Menelao|Menenio|Meneo|Menica|Menico|Menigno|Menna|Mennato|Mennone|Meno|Menodora|Menodoro|Menotti|Mentana|Mentano|Mentino|Mentore|Mentorina|Menuccia|Meo|Merano|Mercede|Mercedes|Mercuria|Mercuriale|Mercurio|Meri|Merina|Merino|Merlino|Merope|Merulo|Meschino|Messalina|Messina|Messinella|Metardo|Metauro|Metella|Metello|Metilde|Metodio|Metrodora|Metrodoro|Metrofane|Meuccio|Micaela|Michea|Michela|Michelangela|Michelangelo|Michelarcangelo|Michele|Michelina|Michelino|Micol|Micuccia|Mida|Mide|Midio|Mietta|Migdonio|Migliore|Migliorina|Migliorino|Mila|Milana|Milano|Milca|Milco|Milena|Mileno|Milia|Miliana|Miliano|Milka|Milko|Milla|Millo|Milo|Milone|Milva|Milvana|Milvia|Milvio|Milvo|Milziade|Mimi|Mimma|Mimmo|Mimosa|Mina|Minerva|Minervina|Minervino|Miniato|Minna|Mino|Minolfa|Mira|Mirabella|Miralba|Miralda|Miraldo|Miranda|Mirandino|Mirando|Mirano|Mirca|Mirco|Mirella|Mirello|Mirena|Mireno|Miretta|Miria|Miriam|Mirian|Miriana|Miriano|Mirina|Mirio|Mirka|Mirko|Mirna|Mirno|Miro|Mirocle|Mirocleto|Mirone|Miroslava|Miroslavo|Mirra|Mirro|Mirta|Mirte|Mirteo|Mirti|Mirtilo|Mirto|Mirvana|Mirvano|Misa|Misaele|Misia|Misiana|Misiano|Misio|Mistica|Mitridate|Moana|Moderato|Moderno|Modesta|Modestina|Modestino|Modesto|Modoaldo|Moira|Moise|Momolo|Mona|Monalda|Monaldo|Mondiale|Monegonda|Monia|Monica|Monserrata|Monserrato|Montagna|Montagnina|Montano|Montello|Mora|Moraldo|Moranda|Morando|Morano|Moravio|Mordechai|Morella|Morello|Morena|Moreno|Moretto|Morfeo|Morgana|Moriano|Morina|Morino|Moro|Morosina|Morosino|Mose|Mosè|Mughetta|Mughetto|Musa|Musetta|Mustiola|Muzia|Muziano|Muzio|Myriam
86%
L Labano|Ladina|Ladino|Ladislao|Ladislava|Laerte|Laerzio|Laila|Laio|Lalage|Lalla|Lallo|Lamberta|Lambertina|Lamberto|Lancellotto|Lancillotto|Lanciotto|Landa|Landina|Landino|Lando|Landoalfo|Landolfo|Landuccio|Lanfranca|Lanfranco|Laocoonte|Laodamia|Laodice|Lapo|Lara|Larina|Larino|Lario|Larissa|Laro|Latina|Latino|Lattanzio|Laudice|Laudicino|Laudomia|Laudonia|Laura|Laurana|Laurano|Laureano|Laureato|Laurentina|Laurentino|Laurenza|Laurenzia|Laurenzio|Lauretana|Lauretta|Lauretto|Lauriano|Laurina|Laurinda|Laurindo|Laurino|Laurisa|Laurita|Lauro|Lavina|Lavinia|Lavinio|Lavino|Lazzara|Lazzarina|Lazzarino|Lazzaro|Lazzero|Lea|Leale|Leana|Leandra|Leandrina|Leandrino|Leandro|Leano|Learca|Learco|Learda|Leardo|Leda|Ledina|Ledino|Ledo|Legittimo|Leida|Leido|Leila|Lela|Lelia|Lelio|Lella|Lellio|Lello|Lemmo|Lena|Leni|Lenin|Lenina|Lenino|Lenio|Leno|Lenuccia|Leo|Leobardo|Leocadia|Leocadio|Leocrizia|Leodegario|Leoluca|Leona|Leonaldo|Leonarda|Leonardina|Leonardino|Leonardo|Leoncillo|Leondina|Leondino|Leone|Leonella|Leonello|Leonetta|Leonetto|Leonia|Leonice|Leonida|Leonide|Leonido|Leoniero|Leonilda|Leonilde|Leonildo|Leonilla|Leonina|Leonino|Leonio|Leonisia|Leonisio|Leonora|Leontina|Leontino|Leonzia|Leonzio|Leoparda|Leopardi|Leopardo|Leopolda|Leopoldina|Leopoldino|Leopoldo|Lepanto|Lepido|Lepo|Lerina|Lerino|Lerio|Lero|Lesbia|Lesbino|Leta|Letanzio|Leterio|Letizia|Letiziano|Letizio|Leto|Lettera|Letteria|Letterina|Letterino|Letterio|Leucadia|Leucadio|Leucia|Leucio|Leuconoe|Leuterio|Leva|Levante|Levantina|Levi|Levia|Levina|Levino|Levio|Leyla|Lia|Liala|Liana|Liano|Libera|Liberale|Liberante|Liberata|Liberatina|Liberato|Liberatore|Liberia|Liberina|Liberino|Liberio|Libero|Liberta|Libertà|Libertaria|Libertario|Libertas|Libertina|Libertino|Liberto|Libia|Libiana|Libiano|Libio|Liboria|Liborio|Lica|Licandro|Licarione|Liccia|Lice|Licena|Licerio|Licia|Liciano|Licinia|Licinio|Licio|Lico|Licoride|Licurga|Licurgo|Lida|Lidamo|Lidana|Lidania|Lidano|Lidia|Lidiana|Lidiano|Lidio|Lido|Lidovina|Lidovino|Liduina|Liduino|Lieta|Lieto|Lietta|Ligea|Ligia|Ligio|Lila|Lili|Lilia|Liliana|Liliano|Lilio|Liliosa|Lilla|Lilli|Lillia|Lilliana|Lilliano|Lillina|Lillino|Lillo|Lilly|Lily|Lina|Linceo|Lincoln|Linda|Lindo|Lindora|Lindoro|Linetta|Linneo|Lino|Linuccia|Linuccio|Lio|Lionella|Lionello|Lionetta|Lionetto|Lippo|Lisa|Lisandra|Lisandro|Lisena|Liseo|Lisetta|Lisia|Lisimaco|Lisindo|Lisio|Lisippo|Litterio|Littoria|Littoriano|Littorino|Littorio|Liù|Liuccia|Liutprando|Livano|Livenza|Livenzo|Livia|Liviana|Liviano|Liviero|Livietta|Livinio|Livino|Livio|Livo|Lodoletta|Lodovica|Lodovico|Lodovina|Lodovino|Loffredo|Lohengrin|Loira|Loisia|Lola|Loletta|Lolita|Lolo|Lombardina|Lombardino|Lombardo|Longino|Lora|Loranda|Lorando|Lorano|Lore|Loredana|Loredano|Lorelei|Loreley|Lorella|Lorely|Lorena|Loreno|Lorentina|Lorentino|Lorenza|Lorenzina|Lorenzino|Lorenzo|Lores|Loreta|Loretana|Loreto|Loretta|Loretto|Lori|Loria|Loriana|Loriano|Lorina|Lorino|Lorio|Loris|Lorita|Lorito|Losanna|Lotario|Lottario|Lotteringo|Luana|Luano|Lubiana|Lubiano|Luca|Lucano|Lucchese|Lucchesio|Luce|Lucedio|Lucerio|Lucetta|Luchina|Luchino|Luci|Lucia|Luciana|Luciano|Lucida|Lucidia|Lucidio|Lucido|Lucietta|Lucifero|Lucilia|Lucilio|Lucilla|Lucillo|Lucina|Lucinda|Lucindo|Lucino|Lucio|Luciolo|Lucrezia|Lucrezio|Lucy|Ludano|Ludgero|Ludmila|Ludmilla|Ludolfa|Ludolfo|Ludovica|Ludovico|Ludovina|Lugano|Luigi|Luigia|Luigina|Luigino|Luisa|Luise|Luisella|Luisetta|Luisetto|Luisina|Luisita|Luisito|Lullo|Luminosa|Luna|Lunella|Lunetta|Luperco|Luperio|Lupo|Lusitania|Lussoria|Lussorio|Lutero|Lutgarda
84%
N Nabor|Nabore|Naborre|Nabucco|Nada|Nadea|Nadia|Nadina|Nadino|Nadio|Nadir|Nadiria|Nado|Naida|Naide|Namazio|Nanda|Nandina|Nandino|Nando|Nanni|Napo|Napoleone|Napoli|Napolina|Napolino|Nara|Narcisa|Narcisio|Narciso|Narda|Nardina|Nardino|Nardo|Narduccio|Narno|Naro|Narseo|Narsete|Nascimbene|Natala|Natale|Natalia|Natalina|Natalino|Natalio|Natalizia|Natalizio|Natanaele|Natanaiele|Natascia|Nausicaa|Navarino|Navaro|Navarrino|Navarro|Nazarena|Nazareno|Nazaria|Nazario|Nazaro|Nazzarena|Nazzareno|Nazzaria|Nazzario|Nazzaro|Nearco|Neda|Nedda|Neddo|Nedi|Nedina|Nedio|Nedo|Neemia|Neera|Neero|Nefertiti|Neftali|Nelda|Neldo|Nelia|Nelida|Nelide|Nelina|Nelio|Nelita|Nella|Nellida|Nellio|Nello|Nellusco|Nelsa|Nelso|Nelson|Nelusca|Nelusco|Nema|Nembo|Nemesia|Nemesio|Nemezio|Nemo|Nemore|Nemorina|Nemorino|Neobule|Neofito|Neomisia|Nepomuceno|Nera|Nerea|Nereide|Nerella|Nereo|Neri|Neria|Neride|Nerina|Nerino|Nerio|Nero|Nerone|Nespolino|Nestore|Nestorina|Nestorio|Nettaria|Nettario|Nettuno|Neva|Neve|Nevia|Neviano|Nevilia|Nevilio|Neville|Nevio|Nica|Nicandrina|Nicandro|Nicanore|Nicarete|Nicasia|Nicasio|Nicco|Niccodemo|Niccolao|Niccoletta|Niccolina|Niccolino|Niccolò|Nice|Nicea|Niceforo|Niceo|Niceta|Niceto|Nicezia|Nicezio|Nicia|Nicio|Nicla|Niclo|Nico|Nicodema|Nicodemo|Nicola|Nicolao|Nicoletta|Nicolina|Nicolino|Nicolò|Nicolosa|Nicomaco|Nicomede|Nicomedo|Nicone|Nicostrato|Nieve|Nieves|Nievo|Nila|Nilda|Nilde|Nildo|Nilio|Nilla|Nillo|Nilo|Nilva|Nilvana|Nilvano|Nilvia|Nilvio|Nilvo|Nina|Ninfa|Ninfodora|Ninian|Niniano|Ninive|Nino|Niobe|Nirvana|Nirvano|Nisa|Niso|Nita|Niva|Nivaldo|Nivarda|Nivardo|Nive|Nivea|Niveo|Nives|Nivia|Nivio|Nivo|Nizza|Nizzardo|Noberto|Nobile|Nobilia|Nobilina|Noè|Noemi|Noemia|Noemio|Noemo|Nola|Nolano|Nolasco|Nona|Nonna|Nonno|Nono|Nora|Noradino|Norandino|Norberta|Norberto|Nordina|Nordino|Noretta|Norge|Nori|Norico|Norina|Norino|Norio|Noris|Norma|Normanda|Normando|Normanna|Normanno|Norvegia|Norzia|Notburga|Novara|Novarina|Novarino|Novaro|Novarro|Novato|Novelia|Novelio|Novella|Novellina|Novellino|Novello|Novembrina|Novembrino|Novemia|Novemio|Novenia|Novenio|Noviglio|Novilia|Novilio|Novino|Nulla|Nullo|Numa|Numeria|Numerio|Numitore|Nunzia|Nunziante|Nunziata|Nunziatina|Nunziato|Nunziella|Nunzietta|Nunzio|Nuto
83%
P Pace|Paciano|Pacifica|Pacifico|Pacina|Pacino|Pacomio|Paduana|Paduano|Pafnuzio|Pagana|Pagano|Paladina|Paladino|Palamede|Palatino|Palazia|Palemone|Palestina|Palinuro|Palladia|Palladio|Pallante|Palma|Palmarino|Palmazio|Palmeria|Palmerina|Palmerino|Palmerio|Palmiera|Palmierino|Palmiero|Palmina|Palmino|Palmira|Palmirino|Palmiro|Palmo|Pamela|Panacea|Pancario|Pancrazia|Pancrazio|Pandolfa|Pandolfo|Pandora|Panfila|Panfilia|Panfilio|Panfilo|Pantalea|Pantaleo|Pantaleone|Paola|Paoletta|Paolina|Paolino|Paolo|Paradisa|Paradiso|Parasceva|Parasceve|Parda|Pardo|Pardulfo|Parida|Paride|Paridina|Paris|Parisia|Parisina|Parisio|Pariso|Parmenio|Parmenione|Partenio|Pascasio|Pasino|Pasqua|Pasquale|Pasqualina|Pasqualino|Pasquina|Pasquino|Paterno|Patricia|Patrizia|Patrizio|Patroclo|Pausania|Paziente|Pazienza|Pelagia|Pelagio|Peleo|Pellegrina|Pellegrino|Pellegro|Penelope|Pepi|Peppa|Peppe|Peppi|Peppina|Peppino|Peppuccio|Perdita|Perfetto|Pergente|Pergentina|Pergentino|Pericle|Perla|Perlita|Perpetua|Perpetuo|Persefone|Perseo|Petra|Petrina|Petronia|Petronilla|Petronio|Petunia|Phyllis|Pia|Piacente|Piacentino|Piato|Piccarda|Piccardo|Pico|Pier Angelo|Pier Anna|Pier Antonio|Pier Carlo|Pier Francesco|Pier Franco|Pier Giorgio|Pier Giuseppe|Pier Luigi|Piera|Piera Anna|Pierangelo|Pieranna|Pierantonio|Piercarlo|Pierfrancesco|Pierfranco|Piergiorgio|Piergiuseppe|Pierina|Pierino|Pierio|Pierluigi|Piero|Pierpaolo|Pietra|Pietrina|Pietrino|Pietro|Pigmalione|Pilade|Pileria|Pilerio|Pina|Pindaro|Pinella|Pinello|Pinetta|Pino|Pinotto|Pinuccia|Pinuccio|Pio|Pipino|Piramo|Pirra|Pirro|Pitagora|Placida|Placidia|Placido|Platone|Plauto|Plinia|Plinio|Plutarco|Polda|Poldina|Poldino|Poldo|Polibia|Polibio|Policarpo|Policleto|Policrate|Polidora|Polidoro|Polieuto|Polifemo|Polignoto|Polimnia|Polinice|Polinnia|Polissena|Polito|Poliuto|Pompea|Pompeia|Pompeo|Pompilio|Pomponio|Pomposa|Ponziano|Ponzio|Porfiria|Porfirio|Porzia|Porzio|Poseidone|Postumio|Postumo|Potito|Prassede|Prassitele|Presidio|Preziosa|Prezioso|Priamo|Prima|Primaldo|Primarosa|Primetta|Primiano|Primiera|Primiero|Primina|Primitiva|Primitivo|Primo|Principia|Principio|Prisca|Priscilla|Prisco|Probo|Proclo|Procne|Procolo|Procopio|Procuste|Progne|Prometeo|Properzio|Prosdocimo|Proserpia|Proserpina|Proserpio|Prospera|Prospero|Protagora|Protasio|Protaso|Proteo|Protesilao|Proto|Protogene|Provina|Provino|Provvidenza|Prudente|Prudenzia|Prudenziana|Prudenziano|Prudenzio|Psiche|Publio|Puccio|Pudente|Pudentilla|Pudenzia|Pulcheria
82%
I Ia|Iacono|Iacopo|Iader|Iafet|Iago|Iana|Ianna|Ianni|Iano|Ica|Icaro|Icilia|Icilio|Icio|Ico|Iconio|Ida|Idalberto|Idalco|Idalga|Idalgo|Idalia|Idalina|Idalio|Idalma|Idalmo|Idalo|Idanna|Idea|Ideale|Idelberto|Idelfonso|Idelio|Idelma|Idelmina|Idelmino|Idelmo|Ideo|Idia|Idiana|Idiano|Idilia|Idilio|Idillia|Idillio|Idina|Idino|Idio|Ido|Idola|Idolina|Idolo|Idomeneo|Idreno|Iella|Iello|Ierone|Ificrate|Ifigenia|Igea|Igeo|Igidio|Igilda|Igildo|Igilio|Igina|Iginia|Iginio|Igino|Ignazia|Ignazina|Ignazio|Igor|Ilaria|Ilarina|Ilario|Ilarione|Ilaro|Ilda|Ilde|Ildebrando|Ildefonso|Ildegarda|Ildegardo|Ildegonda|Ilderico|Ildo|Ileana|Ileano|Ilenia|Ilia|Iliade|Iliana|Iliano|Ilide|Ilio|Illa|Illario|Illeana|Illia|Illio|Illo|Illuminata|Illuminato|Ilo|Iltrude|Ilva|Ilvana|Ilvano|Ilvia|Ilvio|Ilvo|Imelda|Imelde|Imeldo|Imer|Imera|Imeria|Imerio|Imero|Imma|Immacolata|Immacolato|Imo|Imola|Imolo|Impera|Imperatore|Imperatrice|Imperia|Imperiale|Imperio|Impero|Inaco|Incoronata|Indo|Indro|Inelda|Inerio|Ines|Inga|Inge|Ingenua|Ingenuina|Ingenuino|Ingenuo|Ingo|Inigo|Innocenta|Innocente|Innocentina|Innocenza|Innocenzio|Innocenzo|Iolanda|Iolando|Iole|Ioletta|Iona|Ione|Ionello|Ionia|Ionio|Iorio|Iosella|Iosto|Ipazia|Ipazio|Iperide|Ipparco|Ippazia|Ippazio|Ippia|Ippocrate|Ippolita|Ippolito|Irena|Irene|Irenea|Ireneo|Irenio|Ireno|Ireo|Ireos|Ires|Iria|Iriano|Iride|Iridio|Irido|Irina|Irino|Irio|Iris|Irlanda|Irlando|Irma|Irmina|Irmo|Irnerio|Irno|Iro|Irvana|Irvano|Irzio|Isa|Isabella|Isabello|Isacco|Isaia|Isambardo|Isamberto|Isaura|Isauro|Isea|Iselda|Iselde|Iseldo|Isella|Isemberto|Iseo|Isetta|Iside|Isido|Isidora|Isidoro|Isma|Ismaela|Ismaele|Ismene|Ismeno|Isnardo|Iso|Isocrate|Isodoro|Isola|Isolda|Isolde|Isoletta|Isoliero|Isolina|Isolino|Isolo|Isonza|Isonzo|Isora|Isoro|Isotta|Isotto|Israele|Israella|Istria|Itala|Italia|Italiana|Italiano|Italico|Italina|Italino|Italio|Italo|Itamar|Iti|Itria|Iuri|Iva|Ivan|Ivana|Ivane|Ivanhoe|Ivania|Ivanio|Ivano|Ivanoe|Ives|Ivetta|Ivia|Iviana|Ivina|Ivio|Ivo|Ivona|Ivone|Ivonia|Ivonne|Ivrea|Ivreo
81%
R Rabano|Rachele|Radames|Radegonda|Raffaela|Raffaele|Raffaella|Raffaello|Raimonda|Raimondo|Rainaldo|Rainardo|Rambaldo|Ramberto|Ramesse|Ramiro|Ramona|Ramperto|Ramsete|Randolfo|Raniera|Ranieri|Raniero|Ranuccio|Raoul|Rardo|Rasmo|Raul|Rea|Rebecca|Redenta|Redento|Regina|Reginalda|Reginaldo|Regolo|Reinaldo|Relio|Remedio|Remigia|Remigio|Remo|Renata|Renato|Renè|Reneo|Renza|Renzina|Renzo|Reo|Reparata|Reparato|Restituta|Restituto|Rica|Riccarda|Riccardo|Ricciarda|Ricciardo|Ricciotti|Richelmo|Richetto|Richilda|Richilde|Rico|Rienzo|Rigoberta|Rigoberto|Rigoletta|Rigoletto|Rina|Rinalda|Rinaldo|Rino|Ripalta|Ristoro|Rita|Rizieri|Riziero|Roberta|Roberto|Robustiano|Robusto|Rocco|Roderico|Rodolfo|Rodope|Rodrigo|Rogato|Rolando|Roldano|Roma|Romana|Romano|Romarico|Romario|Romedio|Romeo|Romilda|Romildo|Romina|Romola|Romolina|Romolo|Romualdo|Rosa|Rosa Alba|Rosa Anna|Rosa Laura|Rosa Paola|Rosalaura|Rosalba|Rosalia|Rosalina|Rosalinda|Rosalino|Rosamunda|Rosanna|Rosapaola|Rosaria|Rosario|Rosato|Rosaura|Rosella|Rosetta|Rosilde|Rosina|Rosita|Rosmunda|Rossa|Rossana|Rossano|Rossella|Rosso|Rotildo|Ruben|Rubiano|Rubina|Rufina|Rufino|Rufo|Ruggero|Ruggiero|Rumoldo|Ruperto|Rustico|Rut|Ruth|Rutilia|Rutilio
81%
S Saba|Sabatina|Sabatino|Sabato|Sabbadino|Sabele|Sabina|Sabiniano|Sabino|Sabrina|Sabrino|Sacerdote|Sadoc|Saffo|Sagare|Salaberga|Saladino|Salario|Salesia|Salesio|Sallustia|Sallustio|Salmoneo|Salomè|Salomina|Salomone|Salustio|Salutare|Salva|Salvadore|Salvatora|Salvatore|Salvatorica|Salvatrice|Salve|Salvina|Salvio|Salvo|Samanta|Samantha|Samaritana|Samuel|Samuela|Samuele|Sancho|Sancia|Sancio|Sandra|Sandrina|Sandro|Sano|Sansone|Santa|Sante|Santi|Santina|Santino|Santippa|Santippe|Santo|Santoro|Santorre|Santuccia|Santulo|Santuzza|Sanzio|Sapiente|Sapore|Sara|Sarbello|Sarina|Sario|Satiro|Satore|Saturnina|Saturnino|Saturno|Saturo|Saul|Sauro|Saveria|Saverio|Savia|Savignano|Savina|Saviniano|Savino|Savio|Scevola|Scevolina|Scilla|Scintilla|Scipio|Scipione|Scolastica|Sebaldo|Sebastia|Sebastiana|Sebastiano|Sebastio|Sebbe|Sebbo|Seconda|Secondario|Secondiana|Secondiano|Secondilla|Secondina|Secondino|Secondo|Secondolo|Sedecia|Sefora|Segolena|Selena|Selene|Selenio|Selesio|Seleuco|Selma|Selmo|Selvaggia|Selvaggio|Sem|Semele|Semira|Semiramide|Sempronia|Sempronio|Senatore|Senatro|Seneca|Senesio|Sennen|Sennes|Senocrate|Senofane|Senofonte|Serafina|Serafino|Serapia|Serapio|Serapiona|Serapione|Serena|Serenella|Serenico|Sereno|Sergia|Sergio|Serpina|Serse|Sertorio|Servadio|Servazio|Servia|Servideo|Servidio|Serviglio|Servilia|Serviliano|Servilio|Servio|Servolo|Sesta|Sestilia|Sestilio|Sesto|Set|Seth|Settembrina|Settembrino|Settima|Settimia|Settimina|Settimino|Settimio|Settimo|Severa|Severiano|Severina|Severino|Severo|Sibilla|Sicario|Sico|Sicuro|Sidone|Sidonia|Sidonio|Sidoro|Sigfrido|Sigiberto|Sigismondo|Sila|Silano|Sileno|Silia|Silio|Silva|Silvana|Silvano|Silveria|Silverio|Silvestra|Silvestro|Silvia|Silvio|Simeone|Similiano|Simitrio|Simmaco|Simona|Simone|Simonetta|Simonide|Simplicia|Simpliciana|Simpliciano|Simplicio|Sincera|Sincero|Sindolfo|Sinesio|Sinfarosa|Sinfloriano|Sinforiano|Sinforosa|Sinfronio|Sinibalda|Sinibaldo|Sinisio|Sinistro|Sinizio|Sintiche|Sira|Sirena|Sirenetta|Sireno|Siria|Siricio|Sirio|Siro|Sirte|Sirto|Sisinio|Sisinnio|Sisino|Sismondo|Sisto|Sita|Siviardo|Smaragdo|Smeralda|Smeraldina|Soave|Sobele|Sobilia|Socrate|Sofia|Sofocle|Sofonia|Sofonisba|Sofronia|Sofronio|Solange|Sole|Solennio|Solferino|Solidea|Solimano|Solocone|Solone|Solutore|Sonia|Sopatra|Soriana|Soriano|Sosio|Sosipatro|Sossio|Sosso|Sostegno|Sostene|Sosteno|Sostrato|Sotera|Sotere|Sotero|Spartaco|Speciosa|Specioso|Spedito|Sperandea|Sperandeo|Sperandia|Sperandio|Speranza|Speranzio|Sperato|Sperindio|Spiridione|Spirito|Splendida|Splendora|Splendore|Spuria|Spurio|Stamura|Stanislao|Statteo|Stefania|Stefanina|Stefano|Stelio|Stella|Stelva|Stelvia|Stelvio|Stenia|Steno|Sterpeta|Stiliano|Stiriaco|Stratone|Stratonico|Sturmio|Successo|Suitberto|Sulamita|Sulpicia|Sulpicio|Sulpizia|Sulpizio|Surano|Susan|Susana|Susanna|Svaldo|Sveno|Svetonio|Sveva|Svituno
81%
T Tabita|Tacco|Tacito|Taddea|Taddeo|Tagete|Taide|Taisia|Talano|Taleleo|Talentino|Talete|Talia|Tallucio|Talo|Tamara|Tammaro|Tancia|Tancredi|Tania|Tano|Tantalo|Taraco|Tarasia|Tarasio|Tarbula|Tarcisa|Tarcisia|Tarcisio|Tarciso|Tarquinia|Tarquinio|Tarsicia|Tarsicio|Tarsilio|Tarsilla|Tarso|Tassilo|Tatiana|Taurina|Tauro|Taziana|Taziano|Tazio|Tea|Tebaldo|Tecla|Tecmessa|Tegolo|Telchide|Telegono|Telemaco|Telesfero|Telesforo|Telia|Telica|Tello|Telma|Telmo|Temi|Temistocle|Teo|Teobaldo|Teoberto|Teocrito|Teoctisto|Teodata|Teodechilde|Teodemiro|Teodolinda|Teodolo|Teodomiro|Teodora|Teodorico|Teodoro|Teodosia|Teodosio|Teodota|Teodoto|Teodulo|Teofane|Teofano|Teofila|Teofilatta|Teofilatto|Teofilo|Teofrasto|Teogene|Teona|Teonesto|Teonilla|Teopempio|Teopompa|Teopompo|Teoprepio|Teotimo|Teotonio|Terenzia|Terenzio|Tereo|Teresa|Teresina|Teresio|Teresita|Tersicore|Tersilia|Tersilla|Tersite|Tertulla|Tertulliano|Terza|Terzilia|Terzilio|Terzio|Terzo|Tesauro|Teseo|Tesifonte|Tesolina|Tessa|Teti|Teuseta|Tibaldo|Tiberio|Tibullo|Tiburzio|Tichico|Tichino|Ticone|Tieste|Tigide|Tigrane|Tigrio|Tilde|Timea|Timeo|Timo|Timolao|Timoleone|Timone|Timoteo|Tina|Tindario|Tindaro|Tino|Tirannione|Tirone|Tirso|Tirteo|Tisbe|Titania|Titiro|Tito|Titti|Tizia|Tiziana|Tiziano|Tizio|Toaldo|Tobia|Todaro|Tolmino|Tolomeo|Tomaide|Tomas|Tomislao|Tommasina|Tommaso|Toni|Tonia|Tonina|Tonino|Tonio|Topazia|Tore|Torpe|Torpete|Torquato|Tosca|Tosco|Tosolina|Toto|Traiano|Tranquilla|Tranquillo|Trasea|Trasfigurato|Trasibulo|Trasone|Trento|Trieste|Trifena|Trifilo|Trifina|Trifone|Trifosa|Tristana|Tristano|Trofimena|Trofino|Troilo|Trovaso|Tua|Tuccia|Tuccio|Tucidide|Tudino|Tullia|Tulliano|Tullio|Turi|Turibio|Turno|Tussio
80%
O Oberdan|Oberdana|Oberto|Obizio|Obizza|Obizzo|Oceania|Oceano|Oda|Odda|Oddina|Oddino|Oddo|Oddone|Odelia|Odelio|Oderico|Oderisi|Odero|Oderzo|Odessa|Odetta|Odette|Odile|Odilia|Odilio|Odilla|Odille|Odillo|Odilo|Odilone|Odina|Odino|Odisseo|Odo|Odoacre|Odoarda|Odoardo|Odone|Odorica|Odorico|Odorisio|Ofelia|Ofelio|Offerto|Oggero|Ogige|Oglerio|Ognibene|Olaf|Olanda|Olandina|Olando|Olao|Olderige|Olderigi|Oldina|Oldino|Oldo|Oleandra|Oleandro|Olegario|Olga|Oliana|Oliano|Olimpia|Olimpiade|Olimpio|Olimpo|Olinda|Olindo|Olinta|Olinto|Oliva|Olivera|Oliverio|Olivero|Olivetta|Olivia|Oliviera|Olivieri|Oliviero|Olivio|Olivo|Ollegario|Olmo|Oloferne|Omar|Ombelina|Ombretta|Omega|Omera|Omero|Omobono|Omodeo|Onda|Ondina|Ondino|Oneglia|Oneglio|Onelia|Onelio|Onella|Onello|Onesiforo|Onesimo|Onesta|Onestina|Onesto|Onfale|Onia|Onio|Onofria|Onofrio|Onorabile|Onorata|Onorato|Onoretta|Onoria|Onorina|Onorino|Onorio|Opilio|Opimia|Opimio|Opizio|Opizzo|Oranna|Orante|Orazia|Orazio|Orchidea|Oredana|Oredano|Orelia|Oreliano|Orelio|Orella|Orello|Orenzio|Oresta|Oreste|Orestilla|Orestina|Orestino|Oretta|Oretto|Orfea|Orfelia|Orfelio|Orfella|Orfeo|Orfiamma|Oria|Oriade|Orialdo|Oriana|Oriando|Orianna|Orianno|Oriano|Oricolo|Oride|Oriella|Oriello|Oriente|Orientina|Orietta|Orietto|Origene|Orinda|Orindo|Orio|Orione|Orlanda|Orlandina|Orlandino|Orlando|Orlinda|Orlindo|Ormisda|Ornata|Ornato|Ornelia|Ornelio|Ornella|Ornello|Oronte|Oronza|Oronzina|Oronzino|Oronzio|Oronzo|Orre|Orsetta|Orsina|Orsino|Orsio|Orsmisde|Orso|Orsola|Orsolina|Orsolino|Orsolo|Ortensia|Ortensio|Ortenzia|Ortenzio|Ortigia|Ortis|Ortolana|Ortolano|Osanna|Oscar|Oscara|Oscardo|Oscare|Oscarina|Oscarino|Oscarre|Osea|Oselia|Osella|Osetta|Osilide|Osiride|Oslavia|Oslavio|Osmondo|Osmundo|Ospizio|Ostelia|Ostelio|Ostello|Ostenda|Ostiano|Ostiglio|Ostilia|Ostilio|Osvalda|Osvaldina|Osvaldo|Otelia|Otelio|Otella|Otello|Otero|Otilia|Otmaro|Oto|Ottato|Ottava|Ottavia|Ottaviana|Ottaviano|Ottavina|Ottavino|Ottavio|Ottavo|Ottilia|Ottimio|Ottimo|Ottino|Otto|Ottobrina|Ottobrino|Ottone|Ottorina|Ottorino|Ovidia|Ovidio|Oviglio|Ovilia|Ovilio
79%
V Vaira|Vairo|Vala|Valberto|Valburga|Valburgo|Valchiria|Valda|Valdemaro|Valdetruda|Valdimaro|Valdo|Valdrata|Valente|Valentina|Valentiniano|Valentino|Valentione|Valenzione|Valeria|Valeriana|Valeriano|Valerico|Valerio|Valfreda|Valfredo|Valfrida|Valfrido|Vallabonso|Valpurga|Valpurgo|Valtena|Valter|Vana|Vanda|Vandino|Vando|Vandregisilo|Vandrillo|Vandro|Vanesia|Vanesio|Vanessa|Vania|Vaningo|Vanna|Vanni|Vaodolfo|Vara|Varico|Varisto|Varmondo|Varnero|Varniero|Varo|Vasco|Vassila|Vassili|Vedasto|Velarda|Velardo|Velia|Velio|Velleda|Velledo|Velma|Velmo|Venanzio|Venceslao|Vendelino|Vendemmiale|Venera|Veneranda|Venerando|Venere|Veneria|Venerina|Venerino|Venerio|Veniero|Veniglia|Venilia|Ventura|Venturina|Venturino|Venusta|Venustiano|Venusto|Venuta|Venuto|Vera|Verando|Verano|Verardo|Verbena|Verbenia|Verde|Verdiana|Vereconda|Verecondo|Veremondo|Verena|Verenzio|Vergilio|Verginio|Veriano|Veridiana|Verila|Verilla|Verissimo|Vermiglio|Vermondo|Vero|Veronica|Verulo|Vespasiano|Vestia|Vestina|Vetulio|Veturia|Veturio|Vezia|Vezio|Vezzio|Viale|Viatore|Viazza|Viazzo|Viberto|Vibio|Vicelino|Vicinio|Vico|Vidiano|Vidio|Vidone|Vienna|Viera|Vieri|Viero|Vigberto|Vigilia|Vigilio|Vigislao|Vigoberto|Vigore|Vilelma|Vilelmo|Vilfredo|Vilfrido|Vilgeforte|Vilibrordo|Villa|Villana|Villano|Villeado|Villelma|Villelmina|Villelmo|Villermina|Villibaldo|Villibrordo|Vilma|Vilmo|Vimio|Vincente|Vincenza|Vincenzina|Vincenzino|Vincenzo|Vindemiale|Vindonio|Vinebaldo|Vinfreda|Vinfredo|Vinfrida|Vinfrido|Vinibaldo|Vinicio|Vinoco|Viola|Violante|Violetta|Virgilio|Virginia|Virginio|Viria|Viridiana|Virila|Virilla|Virio|Virna|Virone|Viscardo|Visco|Visitazione|Vissia|Vistremondo|Vitale|Vitalia|Vitaliano|Vitalico|Vitalina|Vitellio|Vitina|Vito|Vittore|Vittoria|Vittoriana|Vittoriano|Vittorico|Vittorina|Vittorino|Vittorio|Vittricio|Vitturo|Viva|Vivaldo|Vivenzio|Vivenziolo|Vivetta|Viviana|Viviano|Vivina|Vivo|Vladimiro|Vladislao|Vodino|Volfango|Volfardo|Volfgango|Volframio|Volframo|Volfranno|Volmaro|Volpino|Voltero|Volturno|Volusiano|Vulfardo|Vulfranno|Vulmaro|Vulpiano|Vunibaldo
78%
U Ubalda|Ubaldesca|Ubaldesco|Ubaldina|Ubaldino|Ubaldo|Uberta|Ubertino|Uberto|Uboldo|Udalrico|Udilia|Udilio|Udilla|Udillo|Udina|Udino|Udo|Udria|Udrio|Uga|Uggero|Ughetta|Ugo|Ugolina|Ugolino|Ugone|Uguccione|Ulderico|Ulderigo|Ulfa|Ulfo|Uliana|Uliano|Ulissa|Ulisse|Uliva|Uliviero|Ulivio|Ulivo|Ulpia|Ulpiana|Ulpiano|Ulpio|Ulrica|Ulrico|Ulstano|Ultima|Ultimino|Ultimo|Umbelina|Umberta|Umberto|Umbro|Umfredo|Umile|Umiltà|Umperio|Unerico|Unfredo|Unfrido|Unica|Unico|Unna|Unnerico|Urania|Uranio|Urbana|Urbano|Urcisceno|Uria|Uriele|Ursicino|Ursicio|Ursino|Ursmaro|Ursola|Ursula|Utilia|Utilio|Uto
72%
Z Zaccaria|Zaccheo|Zaffiro|Zaira|Zama|Zambda|Zanita|Zanobi|Zara|Zea|Zebedea|Zebedeo|Zebina|Zeffero|Zeffira|Zeffiro|Zefirino|Zefiro|Zelia|Zelina|Zelinda|Zelindo|Zelino|Zelio|Zelma|Zelmira|Zelmiro|Zena|Zenaide|Zennen|Zeno|Zenobia|Zenobio|Zenone|Zeo|Zerbina|Zerbino|Zerlina|Zetico|Zilda|Zilia|Zilio|Zilla|Zinnia|Zippora|Zita|Zoe|Zoello|Zoia|Zoila|Zoilo|Zorro|Zosima|Zosimo|Zotico|Zulina|Zulino
65%
J Jacopo|Jader|Jafet|Jago|Jana|Janna|Janni|Jano|Jella|Jenny|Jessica|Jlenia|Jnes|Jolanda|Jolando|Jole|Jone|Jonio|Jorio|Josè|Josetta|Josto|Judicaël|Juri
48%
W Walburga|Walburgo|Walfredo|Walfrido|Walter|Wanda|Wando|Welma|Werner|Werther|Willelmo|Wilma|Wolfango|Wolfgango
44%
Q Quadrato|Quartiero|Quartilia|Quartilio|Quartina|Quartino|Quarto|Querino|Quieta|Quiete|Quieto|Quinta|Quintilia|Quintiliano|Quintilio|Quintino|Quinto|Quinziano|Quinzio|Quirico|Quirina|Quirino
34%
Y Ylenia|Yolanda|Yole|Yuri|Yvonne
30%
K Katia|Ketty
21%
H Helena|Helga|Hermes
20%
X Xanto|Xenia
11%
Nessun quiz corrispondente trovato
Distribuzione punteggi
Percentuale di utenti per punteggio
Percentile per numero di risposta
I tuoi punteggi nel tempo
Non hai fatto questo quiz